000 00397nam a22001217a 4500
082 _aBESE-1 ANE
100 _aAneeq Ahmad
_992276
245 _aE-commerce website for customized clothes and products
260 _aNUST SEECS Islamabad
_bNUST SEECS Islamabad
_c2014
500 _aSupervisor; Mr Mujtaba Haider
856 _uhttp://10.250.8.41:8080/xmlui/handle/123456789/28767
942 _cBK
_2ddc
999 _c12978
_d12978